000 006590000a22002170004500
001 53068
010 _a972-649-202-5
090 _a53068
100 _a20090211d1990 a y0pory5003 ba
101 0 _apor
102 _aPT
200 1 _aA feiticeira do parque
_fMarléne Jobert
_gil. Sophie Toussaint
_gtrad. Ana Paula Silva
210 _a[Porto]
_cDesabrochar
_d1990
215 _a107 p.
675 _a087.5
_vBN
_zpor
675 _a821.133.1-34
_vBN
_zpor
700 1 _aJobert
_bMarléne
702 1 _945684
_4440
_aToussaint
_bSophie
702 _942602
_4730
_aSilva
_bAna Paula
942 _cMON
_n0
999 _a53068
_bBibliobase - BEBDMI
_c2019-01-21